| 000 | 00894nam a2200301 b 4500 | ||
|---|---|---|---|
| 001 | 0303520 | ||
| 003 | DO-SdBNP | ||
| 005 | 20180126093942.0 | ||
| 007 | 0303520 | ||
| 008 | 930104s1991 sp | |||| ||spa d | ||
| 016 | 7 |
_a _z _2BPMSU |
|
| 017 |
_aM 14377-1991 _b |
||
| 020 | _a8434833867 | ||
| 035 | _a | ||
| 040 |
_aBPMSU _bspa _cBPMSU |
||
| 080 | 4 | _a | |
| 100 | 1 |
_aVázquez, Germán _d1961- |
|
| 245 | 1 | 0 |
_aEn busca del mar del Sur : _bNúñez de Balboa y el descubrimiento del océano Pacífico / _cGermán Vázquez ; ilustraciones de Gustavo Otero _h |
| 260 |
_aMadrid : _bSM, _c1991 |
||
| 300 |
_a73 p. : _bil. ; _c21 cm |
||
| 490 | _aEl gran encuentro | ||
| 600 | 2 | 4 |
_a _d _x _v _2 |
| 700 | 1 |
_aOtero, Gustavo _eil. |
|
| 830 | _aEl gran encuentro | ||
| 942 |
_2ddc _cBK |
||
| 945 | _aInventariado extranjero / 2018 VM | ||
| 956 |
_aVMATEO _210 _320160425 _6BPMSU _80069 |
||
| 999 |
_c9917 _d9917 |
||